LEADER 01054nam0-2200349---450- 001 990009131390403321 005 20091229134222.0 010 $a88-16-60147-7 035 $a000913139 035 $aFED01000913139 035 $a(Aleph)000913139FED01 035 $a000913139 100 $a20091229d1993----km-y0itay50------ba 101 1 $aita 102 $aIT 105 $aabe-----001yy 200 1 $a<>arte romanica$eun'introduzione$ftesto di Françoise Leriche-Andrieu$gfotografie di Zodiaque 210 $aMilano$cJaca Book$d1993 215 $a133 p., [20] c. di tav.$cill.$d26 cm 225 1 $aGià e non ancora$iArte$v147 454 0$12001$aInitiation à l'art roman$922803 610 0 $aArte romanica 676 $a709.0216 700 1$aLeriche-Andrieu,$bFrançoise$0433262 712 02$aZodiaque$c 801 0$aIT$bUNINA$gRICA$2UNIMARC 901 $aBK 912 $a990009131390403321 952 $a709.021 LER 1$b31186 Bibl.$fFLFBC 959 $aFLFBC 996 $aInitiation à l'art roman$922803 997 $aUNINA LEADER 00908nam0-22003131i-450 001 990004381110403321 005 20240220104432.0 010 $a0-521-47378-0 035 $a000438111 035 $aFED01000438111 035 $a(Aleph)000438111FED01 100 $a19990604d2002----km-y0itay50------ba 101 0 $aeng 102 $aGB 105 $aa-------001yy 200 1 $aAustralian languages$etheir nature and development$fR. M. W. Dixon 210 $aCambridge$cCambridge University press$d2002 215 $aXLII, 734 p.$d24 cm 225 1 $aCambridge language surveys 610 0 $aLingue australiane 676 $a499.15 700 1$aDixon,$bRobert Malcolm Ward$f<1939- >$0110045 801 0$aIT$bUNINA$gRICA$2UNIMARC 901 $aBK 912 $a990004381110403321 952 $a409.9 DIXO 01$bBibl.45254$fFLFBC 959 $aFLFBC 996 $aAustralian languages$9541489 997 $aUNINA